000 00459nam a2200181Ia 4500
001 8741
005 20260306160632.0
008 260306t2015||||xx |||||||||||||| ||spa||
041 _aESP
082 _a371.3
_bT74
100 _aTorres Delgado, Gabriela
_eAUT
245 0 _aDiseño de planes educativos bajo un enfoque de competencias
260 _c2015
300 _a163 páginas :
_c23 cm.
650 _aGEN
654 _aCED
942 _cLIB
_dJUS
_fJUS
_2ddc
_n
999 _c8741
_d8741